Náhľad na podstatu "user-generated-content" (nielen) v cestovnom ruchu
Vysvetlenie významu novodobého fenoménu tzv. "user-generated-content", ktorý by sa dal voľne preložiť ako obsah vytvorený užívateľom. Vznik termínu v súvislosti s informatizáciou spoločnosti a zjdenodušovaním prístupu k informáciám v elektronickej forme. Vplyv nového fenoménu na vznik a rozvoj inter...
Gespeichert in:
| 1. Verfasser: | |
|---|---|
| Format: | Buchkapitel |
| Sprache: | Slowakisch |
| Schlagworte: | |
| Tags: |
Keine Tags, Fügen Sie das erste Tag hinzu!
|
MARC
| LEADER | 00000naa a2200000 4500 | ||
|---|---|---|---|
| 001 | 0183429 | ||
| 005 | 20240502073134.7 | ||
| 041 | 0 | |a slo | |
| 044 | |a SK | ||
| 245 | 1 | 0 | |a Náhľad na podstatu "user-generated-content" (nielen) v cestovnom ruchu |c Dominika Bojová |
| 520 | |a Vysvetlenie významu novodobého fenoménu tzv. "user-generated-content", ktorý by sa dal voľne preložiť ako obsah vytvorený užívateľom. Vznik termínu v súvislosti s informatizáciou spoločnosti a zjdenodušovaním prístupu k informáciám v elektronickej forme. Vplyv nového fenoménu na vznik a rozvoj internetových sociálnych médií ako aj na rozvoj cestovného ruchu. | ||
| 610 | 2 | 0 | |a ruch cestovný |
| 610 | 2 | 0 | |a internet |
| 610 | 2 | 0 | |a siete sociálne |
| 610 | 2 | 0 | |a komunikácia elektronická |
| 100 | 1 | |a Bojová, Dominika | |